000 00689nam a2200217 i 4500
001 47238
003 ES-MaACL
005 20250829063108.0
007 t|
008 030404s1957 sp |||| |dspa d
100 1 _aCook, James,
_d1728-1779
_9126569
245 1 0 _aCapitán Cook
_b: viajes /
_cJames Cook ; traducción íntegra y directa del inglés por Elena García Ortiz.
260 _aBarcelona :
_bFama,
_c1957.
300 _a519 p. ;
_c19 cm.
490 1 _aSerie junco
650 0 4 _aViajes alrededor del mundo-
_yS.XVIII.
_9159809
700 1 _aGarcía Ortiz, Elena.
_955064
830 0 _aSerie junco
_9182124
852 _aES-MaACL
_jC-13918
999 _c47238
_d47238